000 00631nam a2200217Ia 4500
001 15840
003 GE_BSU
008 181216s||||||||xx |||||||||||||| ||und||
040 _cGE_BSU
080 _a82-93
100 _aხახუტაშვილი, ა.
245 _aდედის ღიმილი
245 _bმოთხრობები
260 _aთბილისი
260 _bსაბლიტგამი
260 _c1959
300 _a518 გვ. ; 23 სმ. 1ფ. პორტრ.
653 _aდედის ღიმილი
653 _aმოთხრობები
942 _cBK
999 _c48937
_d48937